Surrogate Safety Assessment Model (SSAM).

Bibliographic Details
Corporate Author: Turner-Fairbank Highway Research Center
Format: Government Document eBook
Language:English
Published: McLean, Va. : U.S. Dept. of Transportation, Federal Highway Administration, Research, Development and Technology, Turner-Fairbank Highway Research Center, [2008]
Series:Techbrief.
Subjects:
Online Access:https://purl.fdlp.gov/GPO/gpo31104

MARC

Tag First Indicator Second Indicator Subfields
LEADER 00000cam a2200000 a 4500
001 in00002782473
005 20211120170450.0
006 m o d f
007 cr cn|||||||||
008 121109s2008 vaua ot f000 0 eng c
035 |a (OCoLC)ocn816638038 
040 |a GPO  |c GPO  |d GPO  |d MvI  |d UtOrBLW 
042 |a pcc 
049 |a WWW 
074 |a 0982-G-11 (online) 
086 0 |a TD 2.30:08-049 
245 0 0 |a Surrogate Safety Assessment Model (SSAM). 
264 1 |a McLean, Va. :  |b U.S. Dept. of Transportation, Federal Highway Administration, Research, Development and Technology, Turner-Fairbank Highway Research Center,  |c [2008] 
300 |a 1 online resource (4 pages) :  |b color illustrations 
336 |a text  |b txt  |2 rdacontent 
337 |a computer  |b c  |2 rdamedia 
338 |a online resource  |b cr  |2 rdacarrier 
490 1 |a Techbrief 
500 |a Title from title screen (viewed on Nov. 9, 2012). 
500 |a Caption title. 
500 |a "May 2008." 
500 |a "This document is a technical summary of the Federal Highway Administration report, Surrogate Safety Assessment Model and Validation: Final Report, FHWA-HRT-08-051." 
500 |a "Publication number FHWA-HRT-08-049." 
500 |a "HRDI-05/05-08(3M)E." 
500 |a Electronic resource. 
650 0 |a Traffic conflicts  |x Simulation methods. 
650 0 |a Traffic flow  |x Simulation methods. 
650 0 |a Traffic safety. 
710 2 |a Turner-Fairbank Highway Research Center. 
776 0 8 |i Print version:  |t Surrogate Safety Assessment Model (SSAM)  |w (OCoLC)237792701 
830 0 |a Techbrief. 
856 4 0 |u https://purl.fdlp.gov/GPO/gpo31104  |t 0 
999 |a MARS 
999 f f |s bdc796ee-a851-3765-b868-1d0e6e0e3411  |i 2f70c847-e791-32c0-93a5-3dec2c1b6fdb  |t 0 
952 f f |a Texas A&M University  |b College Station  |c Electronic Resources  |d Available Online  |t 0  |e TD 2.30:08-049  |h Superintendent of Documents classification 
998 f f |a TD 2.30:08-049  |t 0  |l Available Online